000 01150nam a22002417a 4500
005 20150813114022.0
010 _aENG-113548
020 _c599.00
_a9789350096352
035 _aEN- 97080
037 _bDBAD/PUB
082 _a331.4117
100 _aBahadur, Gaiutra
245 _aCoolie woman :
_cby Gaiutra Bahadur
_bthe odyssey of indenture /
260 _aGurgaon
_bHachette Book Publishing
_c2013
270 _a4th & 5th Floors, Corporate Center, Plot No. 94, Sector 44
_bGurgaon
_e122003
300 _axxi,274p. :
_c23cm(Hb)
_bill.,map
500 _aIncludes bibliographical references (pages 255-263) and index.
505 _a The magician’s box -- Ancestral memory -- The women’s quarters -- Into dark waters -- Her middle passage -- A new world -- Beautiful woman without a nose -- Gone but not forgotten -- The dream of return -- Every ancestor -- Surviving history.
650 _aIndentured servants
_zGuyana
_xHistory
_y20th century.
650 _a Women slaves
_zGuyana
_xHistory
_y20th century.
650 _a Women, East Indian
_z Guyana
_xSocial conditions
_y20th century.
942 _2ddc
_cEN
_mBAH
_h331.4117
999 _c95076
_d95076